| 000 | 01214nam a2200337 a 4500 | ||
|---|---|---|---|
| 001 | vtls001826863 | ||
| 003 | NLI | ||
| 005 | 20210629053920.0 | ||
| 008 | 140218n ii c 001 s hin | ||
| 020 | _cRs. 6.00 | ||
| 039 | 9 |
_y201402181558 _zVLOAD |
|
| 040 |
_aNLI _bhineng _cDatasoft_Hindi_S _eAACR2 |
||
| 041 | 0 | _ahin | |
| 044 | _a ii | ||
| 082 | 0 | 4 | _a 891.55 |
| 100 | 1 |
_6880-01 _aगोविन्दसिंह, गुरू _9678652 |
|
| 245 | 1 | 0 |
_6880-02 _aज़फ़रनामा / _cगुरू गोविन्दसिंह |
| 260 |
_aदिल्ली : _bलाल साहिग राम, _c[n.d.] |
||
| 300 |
_a-v. : _bport. ; _c19 cm. |
||
| 500 | _aIncludes index | ||
| 650 | 0 |
_aSpeeches, addresses, etc, Persian _9700474 |
|
| 650 | 0 |
_aPersian speeches _xTranslations into Hindi _9700475 |
|
| 880 | 1 | 0 |
_6100-01(B _aGovindasiṁha, Gurū |
| 880 | 1 | 0 |
_6245-02(B _aZafaranāmā / _cGurū Govindasiṁha |
| 887 | _a Imran Samim 14.01.2012 (Mita 10.03.2012) | ||
| 901 |
_aA30249 _b17.06.1972 |
||
| 902 | _aH 891.55 Go 619 | ||
| 904 |
_cImran Samim 14.01.2012 (Mita 10.03.2012) _lD 34863 |
||
| 949 |
_AVIRTUAITEM _D10000 _X100 _6AXX000030249HIN |
||
| 942 |
_2ddc _cBKS |
||
| 999 |
_aVIRTUA40 _c1258366 _d1258366 |
||